000 00440ntaaa2200181 4500
003 01
005 20251027202614.0
008 0714s1973 ag 01
040 _aAR-BaBN
_bspa
_cAR-BaBN
_eaacr
_dRIC
082 _a369.4630 G44
100 _aGirl Scouts
_925333
245 _aGirl scout handbook
250 _a1 ed.
260 _aNew York :
_bGirl Scouts Inc.,
_cc1940
300 _a694 p
500 _aManual para Girl Scouts
942 _cBK
999 _c21198
_d21198